Normal view
MARC view
- الاداء الالكتروني
Entry Topical Term
001 - CONTROL NUMBER
- control field: 44831
003 - CONTROL NUMBER IDENTIFIER
- control field: JO-AjAnu
005 - DATE AND TIME OF LATEST TRANSACTION
- control field: 20230606081424.0
008 - FIXED-LENGTH DATA ELEMENTS
- fixed length control field: 230606|| aca||aabn | a|a d
040 ## - CATALOGING SOURCE
- Original cataloging agency: JO-AjAnu
- Transcribing agency: JO-AjAnu
150 ## - HEADING--TOPICAL TERM
- Topical term or geographic name entry element: الاداء الالكتروني
670 ## - SOURCE DATA FOUND
- Source citation: Work cat.: (JO-AjAnu)22955: اعداد الشوادفي، محمد غمري, author 44830, العلاقة بين الاداء الالكتروني للخدمات والولاء التنظيمي :دراسة تطبيقية على الخدمة البنكية